Les départements français avec les 2 premières lettres - Statistiques

Statistiques générales
  • Ce quiz a été pris 133 fois
  • Le résultat moyen est 87 sur 101
Statistiques - réponses
Indice Réponse % Correct
01 Ain
99%
02 Aisne
99%
03 Allier
96%
04 Alpes de Haute Provence
96%
06 Alpes Maritimes
96%
46 Le Lot
95%
42 Loire
95%
44 Loire Atlantique
95%
45 Loiret
95%
41 Loir et Cher
95%
47 Lot et Garonne
95%
48 Lozère
95%
19 Corrèze
94%
2A Corse du Sud
94%
21 Côte d'Or
94%
22 Côtes d'Armor
94%
2B Haute Corse
94%
31 Haute Garonne
94%
43 Haute Loire
94%
52 Haute Marne
94%
05 Hautes Alpes
94%
70 Haute Saône
94%
74 Haute Savoie
94%
65 Hautes Pyrénées
94%
87 Haute Vienne
94%
68 Haut Rhin
94%
92 Hauts de Seine
94%
13 Bouches du Rhône
92%
50 La Manche
92%
976 Mayotte
92%
49 Maine et Loire
92%
51 Marne
92%
972 Martinique
92%
53 Mayenne
92%
75 Paris
91%
62 Pas de Calais
91%
59 Nord
90%
77 Seine et Marne
90%
76 Seine Maritime
90%
93 Seine St Denis
90%
67 Bas Rhin
88%
83 Le Var
88%
84 Vaucluse
88%
71 Saône et Loire
88%
72 Sarthe
88%
73 Savoie
88%
94 Val de Marne
88%
95 Val d'Oise
88%
14 Calvados
87%
15 Cantal
87%
16 Charente
87%
17 Charente Maritime
87%
18 Cher
87%
24 Dordogne
87%
25 Doubs
87%
40 Les Landes
87%
56 Morbihan
87%
57 Moselle
87%
974 La Réunion
86%
85 Vendée
86%
29 Finistère
84%
971 Guadeloupe
84%
973 Guyane
84%
86 Vienne
84%
39 Le Jura
83%
54 Meurthe et Moselle
83%
55 Meuse
83%
07 Ardèche
82%
23 Creuse
82%
09 Ariège
82%
08 Ardennes
82%
30 Gard
82%
38 Isère
82%
64 Pyrénées Atlantiques
82%
66 Pyrénées Orientales
82%
69 Rhône
81%
63 Puy de Dôme
79%
10 Aube
78%
11 L'Aude
78%
32 Gers
78%
81 Tarn
78%
82 Tarn et Garonne
78%
36 L'Indre
77%
37 Indre et Loire
77%
79 Deux Sèvres
75%
34 Hérault
75%
58 Nièvre
75%
80 Somme
75%
88 Vosges
75%
35 Ille et Vilaine
74%
78 Yvelines
74%
12 Aveyron
73%
91 Essonne
73%
28 Eure et Loir
73%
27 L'Eure
73%
33 Gironde
73%
60 Oise
73%
61 Orne
73%
26 Drôme
70%
90 Territoire de Belfort
69%
89 Yonne
57%
Aucun quiz correspondant
Distribution des résultats
% des personnes avec chaque résultat
Percentile par nombre de réponses
Votre historique - résultats
Vous n’avez pas pris ce quiz